Právna úprava a poňatie vlastného imania

Právna úprava a obsahové poňatie vlastného imania v jednotlivých etapách vývoja na území Slovenskej republiky až po vstup do Európskej únie. Vypracovanie a schválenie nového zákona o účtovníctve č. 431/2002 Z. z. o účtovníctve.

Na minha lista:
Detalhes bibliográficos
Autor principal: Mateášová, Martina, 1979-
Formato: Capítulo de Livro
Idioma:eslovaco
Assuntos:
Tags: Adicionar Tag
Sem tags, seja o primeiro a adicionar uma tag!

MARC

LEADER 00000naa$a2200000$$$4500
001 0184697
005 20240502073152.0
041 0 |a slo 
044 |a SK 
245 1 0 |a Právna úprava a poňatie vlastného imania  |c Martina Mateášová 
520 |a Právna úprava a obsahové poňatie vlastného imania v jednotlivých etapách vývoja na území Slovenskej republiky až po vstup do Európskej únie. Vypracovanie a schválenie nového zákona o účtovníctve č. 431/2002 Z. z. o účtovníctve. 
610 2 0 |a Slovensko 
610 2 0 |a účtovníctvo 
610 2 0 |a dejiny 
610 2 0 |a systémy účtovné 
610 2 0 |a imanie vlastné 
610 2 0 |a úpravy právne 
610 2 0 |a zákony 
100 1 |a Mateášová, Martina, 1979-